California or Baja California? - Statistics

General Stats
  • This quiz has been taken 27 times
  • The average score is 8 of 13
Answer Stats
Question Answer % Correct
Was ruled by Spanish Both
100%
Is a state Both
100%
... Has own Death Valley California
100%
...Closer to New Mexico California
100%
Is most populated subdivision in their own countries California
80%
It has access to the Gulf of California Baja California
60%
... Was previously inhabited by Europeans Baja California
60%
Has a Latino majority Both
60%
Capital was previously founded California
60%
Has their own name on their flags Both
40%
Has bigger city proper capital population Baja California
20%
Is bigger than Baja California Sur California
20%
... Was ruled by Dominicans Baja California
0%
No matching quizzes found
Score Distribution
Percent of People with Each Score
Percentile by Number Answered
Your Score History
You have not taken this quiz